| 000 | 00601nab a22001457 4500 | ||
|---|---|---|---|
| 003 | ES-SlBCS | ||
| 005 | 20260414154536.0 | ||
| 008 | 250611s2026 gw ||||| |||| 00| 0 ger d | ||
| 040 |
_aES-SlBCS _bspa |
||
| 041 | _ager | ||
| 100 | 1 |
_aBernd, Sonja _9429240 |
|
| 245 | 1 | 0 |
_aKlimaschutzdoktrin zwischen intertemporaler Freiheitssicherung und technokratischer Vervollkommnung _b: Ann-Katrin Kaufholds Thesen im Spiegel des Klimaschutzbeschlusses des Bundesverfassungsgerichts (Teil 1) _cSonja Bernd |
| 773 | 0 |
_gVol. 80, fasc. 2, 2026. págs. 111-124 _tDie neue Ordnung _wRev294 _x0932-7665 |
|
| 942 |
_2lcc _cAR |
||
| 999 |
_c904341 _d904341 |
||